Statystyki dla Mistrzowie świata w lotach narciarskich

Kliknij tutaj aby rozwiązać quiz!

Ogólne statystyki

  • Ten quiz został rozwiązany 27 razy
    (6 od ostatniego zresetowania)
  • Średni wynik to 11 z 28

Statystyki odpowiedzi

MiejsceRokZwycięzca% Poprawnych
Oberstdorf2018Daniel Andre Tande
100%
Vikersund2022Marius Lindvik
100%
Bad Mitterndorf2024Stefan Kraft
100%
Planica2020Karl Geiger
83%
Bad Mitterndorf2016Peter Prevc
83%
Harrachov2014Severin Freund
67%
Planica1994Jaroslav Sakala
50%
Oberstdorf1998Kazuyoshi Funaki
50%
Planica1985Matti Nykanen
50%
Harrachov1992Noriaki Kasai
50%
Planica2010Simon Ammann
50%
Planica1979Armin Kogler
33%
Oberstdorf2008Gregor Schlierenzauer
33%
Vikersund2012Robert Kranjec
33%
Vikersund2000Sven Hannawald
33%
Harrachov2002Sven Hannawald
33%
Bad Mitterndorf1986Andreas Felder
17%
Bad Mitterndorf1996Andreas Goldberger
17%
Vikersund1990Dieter Thoma
17%
Oberstdorf1973Hans-Georg Aschenbach
17%
Vikersund1977Walter Steiner
17%
Planica1972Walter Steiner
17%
Oberstdorf1981Jari Puikkonen
0%
Bad Mitterndorf1975Karel Kodejska
0%
Harrachov1983Klaus Ostwald
0%
Oberstdorf1988Ole Gunnar Fidjestol
0%
Planica2004Roar Ljokelsoey
0%
Bad Mitterndorf2006Roar Ljokelsoey
0%

Rozkład punktacji

Percentyl według liczby udzielonych odpowiedzi

Procent ludzi z każdym wynikiem

Twoja historia wyników

Nie rozwiązałeś tego quizu od ostatniego zresetowania